00699nam a2200241 a 4500001001300000003000900013005001700022008004100039020000800080082001600088100002400104245002100128260003500149300000900184500003500193505004700228650001500275700002400290902000800314942000700322952011300329999001500442nice12345678IN_TiNIC20260116012522.0050524s1979 hyda grp 000 0 urd  ac500a297.64bMIR aMirza, Syed Humayun aShaahrah-E-Najat aHyderabadbMatbua Kazamic1979 a123p aincludes index and biblioraphy2 aFoot notes by Maulana Maulvi Ilahi Bakhsh. aAli-Caliph1 aMirza, Syed Humayun bSRS cBK 001040708StackRoom-aHMIbHMId2007-07-10g5.00l0o297.64 MIRp011841r2007-07-10v5.00w2005-05-24yBK c7331d7331